Представление документа в формате RUSMARC

ПолеНазваниеЗначение
  Тип записи a
  Библиографический уровень m
001 Контрольный номер RU/IS/BASE/666186502
005 Дата корректировки 20240207193900.9
010 Индекс ISBN __
a ISBN 978-5-379-01456-8
d Цена 232 р. 00 к.
9 Тираж 2000 экз.
100 Данные общей обработки __
a Данные общей обработки 20210209d2021 ||| 0rusy0189 ca
101 Язык документа 0_
a Язык текста rus
102 Страна публикации __
a Страна публикации RU
105 Кодированные данные (монография) __
a Кодированные данные (монография) y###||||000|y
181 Поле кодированных данных: вид содержания _0
a Код вида содержания (ISBD) i#
b Код характеристики содержания (ISBD) #xxe##
d i
e #
f #
g x
h x
i e
182 Поле кодированных данных: тип средства _0
a Код типа средства (ISBD) n
200 Заглавие и сведения об ответственности 1_
a Заглавие Безопасность жизнедеятельности
e Сведения, относящиеся к заглавию словарь-справочник
f Первые сведения об ответственности Р. И. Айзман, С. В. Петров, А. Д. Корощенко
f Первые сведения об ответственности Новосибирск. гос. педагогический ун-т
f Первые сведения об ответственности Моск. педагогический гос. ун-т
w Текст (визуальный) : непосредственный
203 Вид содержания и тип средства __
a Вид содержания Текст
b Характеристика содержания визуальный
c Тип средства непосредственный
210 Выходные данные 1_
a Место издания Новосибирск
c Издательство Сибирское университетское издательство
d Дата издания 2010
215 Физическое описание __
a Объем 350, [1] с.
d Формат 21 см.
225 Серия 1_
a Серия Университетская серия
606 Тематические рубрики 1_
a Основная рубрика Безопасность жизнедеятельности
608 Указатель предметных рубрик __
a Жанр/форма словарь-справочник
610 Ключевые слова 1_
a Ключевые слова безопасность жизнедеятельности
a Ключевые слова катастрофы
a Ключевые слова словари по безопасности жизнедеятельности
a Ключевые слова справочники по безопасности жизнедеятельности
a Ключевые слова стихийные бедствия
a Ключевые слова техника безопасности
a Ключевые слова техногенные катастрофы
a Ключевые слова экологические катастрофы
a Ключевые слова экология
686 Индексы других классификаций __
a Классификационный индекс 68.9я2
2 Код системы rubbk
700 Автор _1
a Фамилия Айзман
b Имя (инициалы) Роман Иделевич
g Полное личное имя Р. И.
701 Альтернативная интеллектуальная ответственность _1
a Фамилия Петров
b Имя (инициалы) Сергей Викторович
g Полное личное имя С. В.
702 Вторичная интеллектуальная ответственность _1
a Фамилия Корощенко
b Имя (инициалы) Алексей Дмитриевич
g Полное личное имя А. Д.
801 Источник записи _0
a Страна RU
b Организация Ульяновская ОБДЮ
c Дата составления 20210209
g Правила каталогизации RCR
801 Источник записи _1
a Страна RU
b Организация Ульяновская ОБДЮ
c Дата составления 20210209
g Правила каталогизации RCR
852 Данные о местонахождении __
a Наименование организации Ульяновская ОБДЮ
i Авторский знак А 37
j Шифр хранения 68.9
901 Тип документа __
t Тип документа m
909 Создатель записи __
a Создатель записи Бондаренко В.А.
910 Корректоры записи __
a Корректор записи Бондаренко В.А.
919 __
f Савельев В. С.
g 202102
a Бондаренко В.А.
c Бондаренко В.А.
938 Служебная информация __
a Имя БД MarkBase